Eloge de Jean-Baptiste Colbert : discours qui a remporté le prix de l'Académie françoise en 1773.

Bibliographic Details
Main Author: Necker, Jacques, 1732-1804
Format: eBook
Language:French
Published: Paris : Demonville, 1781.
Series:Making of the modern world (Goldsmiths'-Kress Library of Economic Literature)
Subjects:
Online Access:Connect to the full text of this electronic book

MARC

Tag First Indicator Second Indicator Subfields
LEADER 00000cam a2200000Ia 4500
001 in00002302021
005 20190326200926.0
006 m | d |
007 cr |n||||||||n
008 900525s1781 fr s 000 0 fre d
040 |a DLM  |c GKS  |d OCL  |d Thomson Gale  |d UtOrBLW 
100 1 |a Necker, Jacques,  |d 1732-1804. 
245 1 0 |a Eloge de Jean-Baptiste Colbert :  |b discours qui a remporté le prix de l'Académie françoise en 1773. 
264 1 |a Paris :  |b Demonville,  |c 1781. 
300 |a 96 pages 
336 |a text  |b txt  |2 rdacontent 
337 |a computer  |b c  |2 rdamedia 
338 |a online resource  |b cr  |2 rdacarrier 
500 |a Attributed to Jacques Necker by NUC pre-1956. 
500 |a Reproduction of original from Goldsmiths' Library, University of London. 
500 |a Goldsmiths'-Kress number 12124. 
510 4 |a OCLC,  |c 21588491 
533 |a Electronic reproduction.  |b Farmington Hills, Mich. :  |c Thomson Gale,  |d 2005.  |f (The making of the modern world).  |n Available via the World Wide Web.  |n Access limited to licensing agreements.  |7 s2005 miunns 
500 |a Electronic resource. 
600 1 0 |a Colbert, Jean Baptiste,  |d 1619-1683. 
655 0 |a Electronic books. 
830 0 |a Making of the modern world (Goldsmiths'-Kress Library of Economic Literature) 
856 4 0 |u http://proxy.library.tamu.edu/login?url=http://galenet.galegroup.com/servlet/MOME?af=RN&ae=U101858008&srchtp=a&ste=14&locID=txshracd2898  |z Connect to the full text of this electronic book  |t 0 
999 |a MARS 
999 f f |s bd1cd18d-72f9-3585-83c9-3eff31fc8434  |i 7eaafe88-72cc-3ced-a0ca-3d36036f075a  |t 0 
952 f f |a Texas A&M University  |b College Station  |c Electronic Resources  |d Available Online  |t 0  |h No information provided 
998 f f |t 0  |l Available Online